<?xml version="1.0" encoding="UTF-8"?><?xml-stylesheet type="text/xsl" href="static/style.xsl"?><OAI-PMH xmlns="http://www.openarchives.org/OAI/2.0/" xmlns:xsi="http://www.w3.org/2001/XMLSchema-instance" xsi:schemaLocation="http://www.openarchives.org/OAI/2.0/ http://www.openarchives.org/OAI/2.0/OAI-PMH.xsd"><responseDate>2026-04-13T13:36:18Z</responseDate><request verb="GetRecord" identifier="oai:www.recercat.cat:10230/68256" metadataPrefix="marc">https://recercat.cat/oai/request</request><GetRecord><record><header><identifier>oai:recercat.cat:10230/68256</identifier><datestamp>2025-12-26T11:17:59Z</datestamp><setSpec>com_2072_6</setSpec><setSpec>col_2072_452952</setSpec></header><metadata><record xmlns="http://www.loc.gov/MARC21/slim" xmlns:dcterms="http://purl.org/dc/terms/" xmlns:xsi="http://www.w3.org/2001/XMLSchema-instance" xmlns:doc="http://www.lyncode.com/xoai" xsi:schemaLocation="http://www.loc.gov/MARC21/slim http://www.loc.gov/standards/marcxml/schema/MARC21slim.xsd">
   <leader>00925njm 22002777a 4500</leader>
   <datafield ind2=" " ind1=" " tag="042">
      <subfield code="a">dc</subfield>
   </datafield>
   <datafield ind2=" " ind1=" " tag="720">
      <subfield code="a">Peña Longobardo, Luz María</subfield>
      <subfield code="e">author</subfield>
   </datafield>
   <datafield ind2=" " ind1=" " tag="720">
      <subfield code="a">Aranda-Reneo, Isaac</subfield>
      <subfield code="e">author</subfield>
   </datafield>
   <datafield ind2=" " ind1=" " tag="720">
      <subfield code="a">Oliva Moreno, Juan</subfield>
      <subfield code="e">author</subfield>
   </datafield>
   <datafield ind2=" " ind1=" " tag="720">
      <subfield code="a">Vall-Castelló, Judit</subfield>
      <subfield code="e">author</subfield>
   </datafield>
   <datafield ind2=" " ind1=" " tag="260">
      <subfield code="c">2024-10-21T06:28:57Z</subfield>
   </datafield>
   <datafield ind2=" " ind1=" " tag="260">
      <subfield code="c">2024-10-21T06:28:57Z</subfield>
   </datafield>
   <datafield ind2=" " ind1=" " tag="260">
      <subfield code="c">2015</subfield>
   </datafield>
   <datafield ind2=" " ind1=" " tag="520">
      <subfield code="a">Fundamentos: El impacto económico que causan las enfermedades va mucho más allá del gasto sanitario, transmitiéndose a la sociedad a través de diferentes dimensiones. El principal objetivo de este estudio fue estimar la evolución de las pérdidas de productividad laboral causadas por muertes prematuras en España durante el periodo 2005-2009. Métodos: Se emplearon varias fuentes estadísticas (Registro de defunciones según la causa de muerte, Encuesta de Población Activa y Encuesta de Estructura Salarial) para desarrollar un modelo de simulación basado en el enfoque de capital humano que permitió estimar las pérdidas laborales ocasionadas por muertes prematuras para el periodo analizado. Adicionalmente, se llevaron a cabo dos escenarios alternativos en los que se analizó la influencia de la evolución epidemiológica en los resultados obtenidos. Resultados: El modelo de simulación mostró una caída de las pérdidas laborales asociadas a muertes prematuras que fue desde 8.935 millones de euros en 2005 a 8.073 millones de euros en 2009. El análisis de las causas reducidas de muerte señaló que nueve causas de enfermedad (accidentes de tráfico, tumor maligno de tráquea, suicidios, infarto agudo de miocardio, SIDA, cirrosis, tumor de mama, enfermedades cerebrovasculares y cáncer de colon) supusieron el 35,6% del total de Años Potenciales de Vida Laboral Perdidos y 36,6% del total de pérdida estimada. Las pérdidas estimadas representaron el 0,98%, 0,85% y 0,77% del Producto Interior Bruto de 2005, 2007 y 2009, respectivamente. Conclusiones: Las pérdidas laborales ocasionadas por muertes prematuras en España disminuyeron sustancialmente en el periodo analizado. Esta reducción se debió fundamentalmente a la favorable evolución epidemiológica de la mortalidad prematura.</subfield>
   </datafield>
   <datafield ind2=" " ind1=" " tag="520">
      <subfield code="a">Este trabajo ha recibido una ayuda del Instituto de Estudios Fiscales para su elaboración. Asimismo, también se beneficia del apoyo del proyecto ECO2013-48217-C2-2-R &amp;quot;Impacto económico, sanitario y social de las enfermedades y los problemas de salud: información y herramientas para la evaluación de políticas públicas&amp;quot;.</subfield>
   </datafield>
   <datafield tag="653" ind2=" " ind1=" ">
      <subfield code="a">Economía de la salud</subfield>
   </datafield>
   <datafield tag="653" ind2=" " ind1=" ">
      <subfield code="a">Economía</subfield>
   </datafield>
   <datafield tag="653" ind2=" " ind1=" ">
      <subfield code="a">Análisis de costes</subfield>
   </datafield>
   <datafield tag="653" ind2=" " ind1=" ">
      <subfield code="a">Eficiencia</subfield>
   </datafield>
   <datafield tag="653" ind2=" " ind1=" ">
      <subfield code="a">Mortalidad prematura</subfield>
   </datafield>
   <datafield ind2="0" ind1="0" tag="245">
      <subfield code="a">Pérdidas laborales ocasionadas por muertes prematuras en España: un análisis para el periodo 2005-2009</subfield>
   </datafield>
</record></metadata></record></GetRecord></OAI-PMH>